Click the Declan McKenna Song Title Ending - Statistics

General Stats
  • This quiz has been taken 36 times
  • The average score is 17 of 20
Answer Stats
Hint Answer % Correct
Be an Astronaut
100%
Daniel, You're Still a Child
100%
Why Do You Feel So Down
100%
Slipping Through My Fingers
100%
That's Life
100%
Twice Your Size
100%
Mulholland's Dinner and Wine
100%
The Key to Life on Earth
95%
I Am Everyone Else
95%
The Kids Don't Wanna Come Home
95%
Listen To Your Friends
86%
Make Me Your Queen
82%
Nothing Works
77%
The Phantom Buzz
73%
Eventually Darling
73%
British Bombs
68%
Beautiful Faces
68%
Elevator Hum
64%
Breath of Light
59%
Honest Test
50%
No matching quizzes found
Score Distribution
Percent of People with Each Score
Percentile by Number Answered
Your Score History
You have not taken this quiz